000
00233 a2200097 4500
001
13426
100
_a
Raina, Asoka
245
_a
Inside raw the story of Indioz
260
_a
Ghaziabad(U.P)
_b
Vikas publishing
_c
090
_c
10439
_d
10439
942
_a
NUST-CAE
_c
M
_c
491
999
_c
248499
_d
248499